| 000 | 00702nam a22002177a 4500 | ||
|---|---|---|---|
| 999 |
_c4557 _d4557 |
||
| 003 | AR-CdUCM | ||
| 008 | 190311b ||||| |||| 00| 0 spa d | ||
| 040 |
_aMUNICIPALIDAD PROVINCIAL DEL CUSCO _cBIBLIOTECA MUNICIPAL DEL CUSCO |
||
| 082 |
_a808.8 / _bT62 |
||
| 110 |
_aEditorial Ariel _914251 |
||
| 245 |
_aTitanes de la poesía popular : _buna visión actual de la literatura de siempre / |
||
| 260 |
_aGuayaquil : _bAriel, _c1973. |
||
| 300 |
_a176 páginas ; _c17 cm. |
||
| 440 |
_aAriel Universal _n6 _914252 |
||
| 500 | _aDonación de la familia Nieto | ||
| 650 |
_aPoesía universal _912472 |
||
| 650 |
_aPoetas _91966 |
||
| 650 |
_aRubén Dario _914253 |
||
| 942 |
_2ddc _cLIBROS |
||
| 945 | _araen | ||